000 00516nam a2200181Ia 4500
008 090123s9999 xx 000 0 und d
082 _b34779
100 _aमिरासदार द.मा.
245 _aहसणावळ
250 _a3
260 _bसुपर्ण प्रकाशन
_c1981
300 _a160
600 _aमिरासदार द.मा.
630 _aहसणावळ
700 _aमिरासदार द.मा.
730 _aहसणावळ
942 _cBOOK
999 _c72836
_d72836